000
00255nam a22001217a 4500
003
OSt
008
250106b |||||||| |||| 00| 0 eng d
041
_a
eng
082
_a
547
_b
SAR/OR
100
_a
Sarkar
_9
4851
245
_a
Organic Chemistry
942
_c
BK
999
_c
18956
_d
18956